Luke was a physician and six other deliverance sermons. (Record no. 16207)

000 -LEADER
fixed length control field 00482nam a2200157 a 4500
001 - CONTROL NUMBER
control field :::00018905$&:&@@
003 - CONTROL NUMBER IDENTIFIER
control field OkBaRHE
005 - DATE AND TIME OF LATEST TRANSACTION
control field 20100331142428.0
008 - FIXED-LENGTH DATA ELEMENTS--GENERAL INFORMATION
fixed length control field j 000 0 eng u
040 ## - CATALOGING SOURCE
Transcribing agency
245 10 - TITLE STATEMENT
Title Luke was a physician and six other deliverance sermons.
260 ## - PUBLICATION, DISTRIBUTION, ETC. (IMPRINT)
Place of publication, distribution, etc Dallas, Texas
Name of publisher, distributor, etc Grant's Faith Clinic
300 ## - PHYSICAL DESCRIPTION
Extent 32 p.
942 ## - ADDED ENTRY ELEMENTS (KOHA)
Source of classification or shelving scheme
Koha item type Books
Copies
Date acquired Permanent Location Withdrawn status Copy number Full call number Source of classification or shelving scheme Koha item type Not for loan Price effective from Date last seen Damaged status Barcode Lost status Shelving location
2010-04-14RHEMA Bible Training College 1BX 8764 .Z6 G7 Books 2010-04-142010-04-14 18905 General Stacks